| 000 | 00506nam a2200181Ia 4500 | ||
|---|---|---|---|
| 008 | 151018s9999 xx 000 0 und d | ||
| 082 |
_bRBASDV34725 _a920 |
||
| 100 | _aशिरीष पै | ||
| 245 | _aहाती शिल्लक | ||
| 250 | _b1 | ||
| 260 |
_bअनुभव _c2001 |
||
| 300 | _a240 | ||
| 600 | _aशिरीष पै | ||
| 630 | _aहाती शिल्लक | ||
| 700 | _aशिरीष पै | ||
| 730 | _aहाती शिल्लक | ||
| 942 | _cBOOK | ||
| 999 |
_c1034212 _d1034209 |
||